Tropical forestry research in the new millennium : meeting demands and challenges : proceedings of the International Conference on Forestry and Forest Products Research (CFFPR 2001), Kuala Lumpur, 1-3 October 2001

Bibliographic Details
Corporate Authors: INTERNATIONAL Conference on Forestry and Forest Products Research, Institut Penyelidikan Perhutanan Malaysia (FRIM)
Other Authors: Azmy Hj. Mohamed
Format: Book
Published: Kuala Lumpur : Institut Penyelidikan Perhutanan Malaysia , 2003
Subjects:

MARC

LEADER 00000cam a2200000 7i4500
001 0000002721
005 20031216.0
020 0 0 |a 9832181410 
090 0 0 |a 634.9   |b INT 2003 
110 1 0 |a INTERNATIONAL Conference on Forestry and Forest Products Research   |k 2003   |j Kuala Lumpur 
245 1 0 |a Tropical forestry research in the new millennium : meeting demands and challenges :   |b proceedings of the International Conference on Forestry and Forest Products Research (CFFPR 2001), Kuala Lumpur, 1-3 October 2001   |c editors Azmy Hj. Mohamed ... (et al.) 
260 0 0 |a Kuala Lumpur :   |b Institut Penyelidikan Perhutanan Malaysia ,   |c 2003 
300 |a xiii, 572 p. :   |b ill. ;   |c 26 cm. 
500 0 0 |a Includes bibliographical references 
650 0 0 |a Forest management   |x Congresses 
650 0 0 |a Forest management   |x Research   |x Congresses 
650 0 0 |a Forest products   |x Congresses 
650 0 0 |a Forests products   |x Research   |x Congresses 
650 0 0 |a Sustainable forestry   |x Congresses 
700 0 1 |a Azmy Hj. Mohamed 
710 1 1 |a Institut Penyelidikan Perhutanan Malaysia (FRIM) 
998 |a JPSM 
999 |a 0000003777   |b Monograph   |c Open Shelf   |e Default branch